000
00217 a2200097 4500
001
47988
100
_a
Ilahi
245
_a
Living message of Muhammad (PBUH)
260
_a
Karachi
_b
Ferozsons
_c
090
_c
30978
_d
30978
942
_a
NUST-CAE
_c
M
_c
23311
999
_c
283061
_d
283061